|
|
|
|
| LEADER |
00863nam a22002171a 4500 |
| 999 |
|
|
|c 49037
|d 49037
|
| 082 |
|
|
|a S 294.592 5
|b VAM
|
| 245 |
|
|
|a The Vamanamaha puranam/
|
| 260 |
|
|
|a Delhi:
|b Nag,
|c
|
| 300 |
|
|
|a 259p.
|
| 650 |
|
|
|a Purana Vamanamaha
|
| 650 |
|
|
|a Vedic Literature
|
| 650 |
|
|
|a Puranas
|
| 650 |
|
|
|a Hinduism
|
| 650 |
|
|
|a Religion
|
| 942 |
|
|
|c BK
|
| 942 |
|
|
|c BK
|
| 942 |
|
|
|c REF
|
| 952 |
|
|
|0 0
|1 0
|4 0
|6 S_294_592000000000000_5_VAM
|7 0
|9 71157
|a SSUS
|b SSUS
|d 2015-01-08
|g 400.00
|l 2
|o S 294.592 5 VAM
|p 008829
|r 2019-06-07
|s 2019-04-05
|v 0.00
|w 2015-01-08
|y BK
|
| 952 |
|
|
|0 0
|1 0
|4 0
|6 S_294_592000000000000_5_VAM
|7 0
|9 71158
|a SSUS
|b SSUS
|d 2015-01-08
|g 300.00
|o S 294.592 5 VAM
|p 008830
|r 2015-01-08
|v 0.00
|w 2015-01-08
|y BK
|
| 952 |
|
|
|0 0
|1 0
|4 0
|6 R_S_294_592000000000000_5_VAM
|7 0
|9 71159
|a SSUS
|b SSUS
|d 2015-01-08
|g 400.00
|o R S 294.592 5 VAM
|p 044605
|r 2015-01-08
|v 0.00
|w 2015-01-08
|y REF
|